00626nam a2200157 i 450000100060000000300090000600500170001500700030003200800410003524501280007626000610020430000290026550000810029471000590037585200340043491492ES-MaACL20230906180731.0t|050131s1947 sp ||||1| spa d00aLey de Colonización de Interés Local, de 27 de Abril de 1946 y Reglamento para su aplicación, de 10 de Enero de 1947. a[S.l. : bs.n., c1947] (eOviedo : fLa Nueva España) a26 p. : bil. ; c24 cm. aPrecede al tít.: Unión Territorial de Cooperativas del Campo, de Oviedo.2 aUnión Territorial de Cooperativas del Campo (Oviedo) aES-MaACLj1873-F-13 bR.24347